|
|
|
|
| LEADER |
01329nam a2200313 a 4500 |
| 001 |
5576 |
| 003 |
BD-DhAAL |
| 005 |
20150415115832.0 |
| 008 |
150415s1993 nyua b 001 0 eng |
| 010 |
|
|
|a 92026492
|
| 020 |
|
|
|a 0075570432
|
| 020 |
|
|
|a 0075571951 (instructor's manual)
|
| 040 |
|
|
|a DLC
|c DLC
|d DLC
|d BD-DhAAL
|
| 050 |
0 |
0 |
|a LC191.4
|b .T69 1993
|
| 082 |
0 |
0 |
|a 370.19/0973
|2 20
|
| 100 |
1 |
|
|a Tozer, Steven.
|9 10370
|
| 245 |
1 |
0 |
|a School and society :
|b educational practice as social expression /
|c Steven E. Tozer, Paul C. Violas, Guy B. Senese.
|
| 260 |
|
|
|a New York :
|b McGraw-Hill,
|c c1993.
|
| 300 |
|
|
|a xiii, 434 p. :
|b ill. ;
|c 26 cm.
|
| 504 |
|
|
|a Includes bibliographical references (p. 415-421) and index.
|
| 541 |
|
|
|e 5576
|
| 650 |
|
0 |
|a Educational sociology
|z United States.
|9 10371
|
| 650 |
|
0 |
|a Education
|z United States
|x History.
|9 10372
|
| 700 |
1 |
|
|a Violas, Paul C.
|9 10373
|
| 700 |
1 |
|
|a Senese, Guy B.
|9 10374
|
| 942 |
|
|
|2 ddc
|c BK
|
| 999 |
|
|
|c 34226
|d 34226
|
| 952 |
|
|
|0 0
|1 0
|2 ddc
|4 0
|6 370_190973000000000_TOZ
|7 0
|9 53440
|a SCL
|b SCL
|c GEN
|d 2015-04-15
|e Gift: The Asia Foundation
|l 0
|o 370.190973 TOZ
|p 3020005576
|r 2015-04-15
|t 1
|w 2015-04-15
|y BK
|
| 952 |
|
|
|0 0
|1 0
|2 ddc
|4 0
|6 370_190973000000000_TOZ
|7 0
|9 53705
|a SCL
|b SCL
|c GEN
|d 2015-05-13
|e Gift: The Asia Foundation
|l 0
|o 370.190973 TOZ
|p 3020005580
|r 2015-05-13
|t 2
|w 2015-05-13
|y BK
|